[Event "SVK-chT2D 2324"]
[Site "Slovakia"]
[Date "2023.10.08"]
[Round "2.6"]
[White "Medve, Stefan"]
[Black "Dragula, Miroslav"]
[Result "1/2-1/2"]
[WhiteElo "1835"]
[BlackElo "1489"]
[PlyCount "42"]
[EventDate "2023.10.07"]
[EventType "team-tourn"]
[EventRounds "11"]
[EventCountry "SVK"]
[SourceTitle "EXT 2025"]
[Source "ChessBase"]
[SourceDate "2024.10.14"]
[SourceVersion "1"]
[SourceVersionDate "2024.10.14"]
[SourceQuality "1"]
[WhiteTeam "Moldava nad Bodvou"]
[BlackTeam "Presov Slavia PU"]
[WhiteTeamCountry "SVK"]
[BlackTeamCountry "SVK"]

1. e4 e6 2. g3 d5 3. Bg2 Nf6 4. exd5 Nxd5 5. Nf3 Be7 6. 0-0 0-0 7. Nc3 Nxc3 8. dxc3 Qxd1 9. Rxd1 Nd7 10. Bf4 c6 11. Rd2 Nf6 12. Rad1 Nd5 13. Be5 f6 14. c4 Nb6 15. Bc3 Nxc4 16. Rd4 Nb6 17. Ba5 e5 18. Re4 Bf5 19. Re2 Nd5 20. c4 Nb6 21. b3 Bg6 1/2-1/2

[Event "SVK-chT2D 2324"]
[Site "Slovakia"]
[Date "2023.10.07"]
[Round "1.6"]
[White "Dragula, Miroslav"]
[Black "Zavadsky, Peter1"]
[Result "0-1"]
[WhiteElo "1489"]
[BlackElo "1948"]
[PlyCount "64"]
[EventDate "2023.10.07"]
[EventType "team-tourn"]
[EventRounds "11"]
[EventCountry "SVK"]
[SourceTitle "EXT 2025"]
[Source "ChessBase"]
[SourceDate "2024.10.14"]
[SourceVersion "1"]
[SourceVersionDate "2024.10.14"]
[SourceQuality "1"]
[WhiteTeam "Presov Slavia PU"]
[BlackTeam "Kosice Slavia UPJS III"]
[WhiteTeamCountry "SVK"]
[BlackTeamCountry "SVK"]

1. d4 Nf6 2. c4 e6 3. Nc3 Bb4 4. Qc2 d5 5. Bg5 0-0 6. Nf3 c6 7. cxd5 exd5 8. e3 Be6 9. Bd3 h6 10. Bh4 Nbd7 11. 0-0 Be7 12. h3 a5 13. Ne2 Nh5 14. Bxe7 Qxe7 15. g4 Nhf6 16. Nf4 a4 17. Nxe6 fxe6 18. Nh2 e5 19. Rae1 e4 20. Be2 Nh7 21. f3 Qh4 22. f4 Qxh3 23. Bd1 Ndf6 24. Qg2 Qxg2+ 25. Kxg2 Ne8 26. Rf2 Nd6 27. Nf1 Nf6 28. Ng3 g6 29. g5 hxg5 30. fxg5 Nd7 31. Rxf8+ Nxf8 32. Rf1 Nc4 0-1

[Event "SVK-chT2D 2223"]
[Site "Slovakia"]
[Date "2022.11.12"]
[Round "3.8"]
[White "Davidovic, Miroslav"]
[Black "Dragula, Miroslav"]
[Result "1/2-1/2"]
[WhiteElo "1784"]
[BlackElo "1528"]
[PlyCount "52"]
[EventDate "2022.10.08"]
[EventType "team-tourn"]
[EventRounds "11"]
[EventCountry "SVK"]
[SourceTitle "EXT 2024"]
[Source "ChessBase"]
[SourceDate "2023.10.10"]
[SourceVersion "1"]
[SourceVersionDate "2023.10.10"]
[SourceQuality "1"]
[WhiteTeam "Kosice 1 CC"]
[BlackTeam "Presov Slavia PU"]
[WhiteTeamCountry "SVK"]
[BlackTeamCountry "SVK"]

1. d4 e6 2. Nf3 d5 3. c4 Nf6 4. Nc3 c6 5. Bf4 Bd6 6. Bxd6 Qxd6 7. e3 dxc4 8. Bxc4 Nbd7 9. 0-0 Nb6 10. Bd3 h6 11. Rc1 0-0 12. Bb1 Nfd5 13. Ne4 Qe7 14. Re1 f5 15. Nc5 Nd7 16. Nxd7 Bxd7 17. Ne5 Be8 18. e4 fxe4 19. Bxe4 Qf6 20. Qd2 Rd8 21. Bxd5 Rxd5 22. Rc3 Qf4 23. Rd3 c5 24. Nf3 Bh5 25. Qe2 Bg4 26. dxc5 Rxc5 1/2-1/2

[Event "Drienica Saris op"]
[Site "Drienica"]
[Date "2020.08.14"]
[Round "8"]
[White "Sosovickova, Martina"]
[Black "Dragula, Miroslav"]
[Result "0-1"]
[WhiteElo "1362"]
[BlackElo "1571"]
[PlyCount "76"]
[EventDate "2020.08.07"]
[EventType "swiss"]
[EventRounds "9"]
[EventCountry "SVK"]
[SourceTitle "CBM 197 Extra"]
[Source "ChessBase"]
[SourceDate "2020.09.30"]
[SourceVersion "1"]
[SourceVersionDate "2020.09.30"]
[SourceQuality "1"]

1. e4 e6 2. d4 d5 3. Nc3 Nf6 4. Bg5 Be7 5. exd5 Nxd5 6. Bxe7 Nxe7 7. Nf3 0-0 8. Bc4 c6 9. 0-0 Nd7 10. Re1 Nf6 11. Qd2 Qc7 12. Rad1 Ned5 13. Ne4 Qd8 14. c3 Nxe4 15. Rxe4 Nf6 16. Re2 h6 17. Rde1 b6 18. h3 Bb7 19. Bd3 Qc7 20. Qe3 Rad8 21. Rd2 Nd5 22. Qe4 Nf6 23. Qe3 c5 24. dxc5 bxc5 25. Red1 Bxf3 26. Qxf3 Rd5 27. Bc4 Rf5 28. Qe3 Rf4 29. Bf1 Nd5 30. Qg3 Qe5 31. c4 Nf6 32. Re2 Qf5 33. Rde1 Ne4 34. Rxe4 Rxe4 35. Rxe4 Qxe4 36. Kh2 f6 37. Bd3 Qe5 38. f4 Qd6 0-1

[Event "Drienica Saris op"]
[Site "Drienica"]
[Date "2020.08.07"]
[Round "1"]
[White "Dragula, Miroslav"]
[Black "Sankova, Stella"]
[Result "0-1"]
[WhiteElo "1571"]
[BlackElo "1990"]
[PlyCount "92"]
[EventDate "2020.08.07"]
[EventType "swiss"]
[EventRounds "9"]
[EventCountry "SVK"]
[SourceTitle "CBM 197 Extra"]
[Source "ChessBase"]
[SourceDate "2020.09.30"]
[SourceVersion "1"]
[SourceVersionDate "2020.09.30"]
[SourceQuality "1"]

1. d4 Nf6 2. c4 e6 3. Nc3 Bb4 4. Qc2 0-0 5. Nf3 b6 6. e3 Bb7 7. Be2 d6 8. 0-0 Bxc3 9. Qxc3 Ne4 10. Qc2 Nd7 11. Bd3 f5 12. Nd2 Ndf6 13. f3 Nxd2 14. Bxd2 Qe8 15. Rae1 Qh5 16. Re2 g5 17. Be1 Rf7 18. d5 exd5 19. Bxf5 Re8 20. cxd5 Nxd5 21. Bg4 Qh6 22. e4 Nf6 23. Bf5 Ba6 24. Bf2 Bxe2 25. Qxe2 Nh5 26. Qc4 Nf4 27. Qc6 Ref8 28. Rd1 Qf6 29. Qc2 Ne6 30. Qc4 Re8 31. Bg4 Qg6 32. Rd5 h5 33. Bf5 Qf6 34. g3 Kf8 35. Qb3 Ng7 36. Bd4 Qh6 37. Bh3 g4 38. Be3 Qe6 39. fxg4 Qxe4 40. Bf4 Qe1+ 41. Bf1 hxg4 42. Rd1 Qa5 43. Bc4 Re1+ 44. Kg2 Rfe7 45. Bd2 Qd5+ 46. Kf2 Qd4+ 0-1